000 00996nam a2200217Ia 4500
999 _c47232
_d47232
001 14092
003 GE_BSU
005 20250129095321.0
008 181216s2014||||ge |||||||||||||| ||geo||
020 _a9789941071676
040 _cGE_BSU
041 _ageo
080 _a1 კ-17
100 _aკაკაბაძე, ვაჟა
_9855
245 _aზღაპრის ფილოსოფია = Philosophy of a Fairy-Tale = Filozofia basni :
_b(ზღაპარი სულელი დიდებისათვის და ჭკვიანი პატარებისათვის) /
_cვაჟა კაკაბაძე.
264 _aთბილისი,
_b
_c2014.
300 _a418 გვ. ;
_c20 სმ.
500 _aთავფურცელი და ანოტაცია ქართულ, ინგლისურ და პოლონურ ენებზე
653 _aზღაპრის ფილოსოფია
942 _cBK
_2udc